[Event "I Festival di Pavia A"]
[Site "Vigevano ITA"]
[Date "2009.02.14"]
[Round "2"]
[White "Sbarra, Marco"]
[Black "Yakovich, Yuliya"]
[Result "1/2-1/2"]
[WhiteElo "2191"]
[BlackElo "2125"]
[PlyCount "65"]
[EventDate "2009.02.13"]

1. d4 d5 2. c4 dxc4 3. Nf3 a6 4. a4 Nf6 5. e3 e6 6. Bxc4 c5 7. O-O Nc6 8. Nc3
Be7 9. Qd3 cxd4 10. exd4 O-O 11. Re1 Nb4 12. Qe2 b6 13. Bg5 Bb7 14. Ne5 Nfd5
15. Bxe7 Qxe7 16. Qd2 Rfd8 17. Rac1 Rac8 18. Bf1 h6 19. Nc4 Nxc3 20. bxc3 Nd5
21. Qb2 Rc6 22. Ne5 Rc7 23. c4 Nb4 24. a5 bxa5 25. Ra1 Qg5 26. Rxa5 Nd3 27. h4
Nxb2 28. hxg5 Rxd4 29. gxh6 gxh6 30. Rb1 Nd1 31. Ra3 Rd2 32. Nf3 Rd8 33. Ne5
1/2-1/2

[Event "I Festival di Pavia A"]
[Site "Vigevano ITA"]
[Date "2009.02.14"]
[Round "2"]
[White "Sgnaolin, Davide"]
[Black "Pokorna, Regina"]
[Result "0-1"]
[WhiteElo "2209"]
[BlackElo "2384"]
[PlyCount "84"]
[EventDate "2009.02.13"]

1. e4 e5 2. Nf3 Nc6 3. Bb5 a6 4. Bxc6 dxc6 5. O-O f6 6. d4 exd4 7. Nxd4 c5 8.
Ne2 Qxd1 9. Rxd1 Bd7 10. Nbc3 O-O-O 11. Be3 Re8 12. Rd2 Bc6 13. Rad1 b6 14. f3
Ne7 15. Nf4 Ng6 16. Nh5 Ne5 17. b3 Rg8 18. Nd5 Kb7 19. Kf2 Bd6 20. g4 Ref8 21.
Ng3 g6 22. h4 Rf7 23. h5 Re8 24. Kg2 Bd7 25. Bf2 Bc8 26. Ne3 b5 27. hxg6 hxg6
28. Rh1 Be6 29. Ne2 f5 30. f4 Nxg4 31. e5 Nxe3+ 32. Bxe3 Be7 33. Rh6 Rg8 34.
Rd1 Bf8 35. Rh2 Be7 36. Rh6 Kc6 37. Kg3 Bf8 38. Rh2 Bg7 39. Kf2 g5 40. fxg5 f4
41. Bxf4 Bxe5 42. Ke3 Bg7 0-1

[Event "I Festival di Pavia A"]
[Site "Vigevano ITA"]
[Date "2009.02.14"]
[Round "2"]
[White "Solodovnichenko, Yuri"]
[Black "Motyka, Michal"]
[Result "1-0"]
[WhiteElo "2571"]
[BlackElo "2390"]
[PlyCount "85"]
[EventDate "2009.02.13"]

1. e4 e5 2. Nf3 Nc6 3. Bb5 a6 4. Ba4 Nf6 5. O-O b5 6. Bb3 Bb7 7. c3 Nxe4 8. d4
exd4 9. Re1 Na5 10. Ng5 d5 11. Rxe4+ dxe4 12. Bxf7+ Kd7 13. b4 Nc4 14. Qxd4+
Kc6 15. Qxe4+ Kb6 16. Be3+ c5 17. bxc5+ Ka5 18. Qg4 h5 19. Bxh5 Rxh5 20. Nd2
Qd3 21. Nxc4+ Qxc4 22. Qxh5 Bxc5 23. a4 Bxe3 24. axb5+ Kb6 25. Qg6+ Ka7 26.
fxe3 Qxb5 27. Qxg7 Rd8 28. Nf3 Qe2 29. Nd4 Qxe3+ 30. Kh1 Re8 31. Nf3 Ka8 32.
Qd4 Qe2 33. Qd1 Qb2 34. Rb1 Qe2 35. Qf1 Qc2 36. Rc1 Qf5 37. Ra1 Re3 38. Rxa6+
Kb8 39. Rb6 Rxc3 40. Rb1 Rc2 41. Rxb7+ Kxb7 42. Qb1+ Kc7 43. Nd4 1-0

[Event "I Festival di Pavia A"]
[Site "Vigevano ITA"]
[Date "2009.02.14"]
[Round "3"]
[White "Bentivegna, Francesco"]
[Black "Delorme, Axel"]
[Result "0-1"]
[WhiteElo "2360"]
[BlackElo "2415"]
[PlyCount "60"]
[EventDate "2009.02.13"]

1. e4 e6 2. d4 d5 3. Nc3 Bb4 4. exd5 exd5 5. Bd3 Nc6 6. a3 Be7 7. Be3 Bf6 8.
Qf3 Nxd4 9. Bxd4 Bxd4 10. Nge2 Bxc3+ 11. Nxc3 c6 12. O-O-O Qf6 13. Rhe1+ Be6
14. Bf5 Ne7 15. Bxe6 Qxf3 16. gxf3 fxe6 17. Rxe6 Kf7 18. Rde1 Nf5 19. Na4 Rae8
20. Rxe8 Rxe8 21. Rxe8 Kxe8 22. Nc5 b6 23. Nd3 Ke7 24. Kd2 Kd6 25. c3 c5 26. f4
b5 27. Ne5 h5 28. b4 c4 29. Nf3 h4 30. h3 d4 0-1

[Event "I Festival di Pavia A"]
[Site "Vigevano ITA"]
[Date "2009.02.14"]
[Round "3"]
[White "Borin, Fabio"]
[Black "Brenco, Marco"]
[Result "0-1"]
[WhiteElo "2110"]
[BlackElo "2068"]
[PlyCount "46"]
[EventDate "2009.02.13"]

1. d4 Nf6 2. c4 c5 3. d5 e6 4. Nc3 exd5 5. cxd5 d6 6. e4 g6 7. Nge2 Bg7 8. Ng3
O-O 9. Bf4 a6 10. a4 Re8 11. Qd2 Nxe4 12. Ncxe4 f5 13. h4 Nd7 14. O-O-O fxe4
15. Bxd6 e3 16. fxe3 Nb6 17. Bxc5 Qc7 18. Qa5 Qxg3 19. Bxb6 Bf5 20. d6 Rac8+
21. Bc7 Qxe3+ 22. Rd2 Qe1+ 23. Rd1 Bh6+ 0-1

[Event "I Festival di Pavia A"]
[Site "Vigevano ITA"]
[Date "2009.02.14"]
[Round "3"]
[White "Cappai, Davide"]
[Black "Arnetta, Maria Teresa"]
[Result "1-0"]
[WhiteElo "2120"]
[BlackElo "2024"]
[PlyCount "51"]
[EventDate "2009.02.13"]

1. e4 c5 2. Nf3 Nc6 3. c3 d5 4. d3 dxe4 5. dxe4 Qxd1+ 6. Kxd1 Bg4 7. Nbd2 O-O-O
8. Kc2 Nf6 9. Bb5 Bxf3 10. Nxf3 Nxe4 11. Bxc6 bxc6 12. Ne5 Nd6 13. Be3 e6 14.
Bxc5 Ne4 15. Be3 Bc5 16. Nxf7 Bxe3 17. Nxd8 Rxd8 18. fxe3 Rd2+ 19. Kb3 Re2 20.
Rae1 Rxg2 21. Reg1 Re2 22. Rxg7 a5 23. Rhg1 a4+ 24. Ka3 Rxh2 25. Rf7 Rd2 26.
Rg8+ 1-0

[Event "I Festival di Pavia A"]
[Site "Vigevano ITA"]
[Date "2009.02.14"]
[Round "3"]
[White "Ceccarini, Marco"]
[Black "Finocchiaro, Gianluca"]
[Result "1-0"]
[WhiteElo "2091"]
[BlackElo "2059"]
[PlyCount "95"]
[EventDate "2009.02.13"]

1. e4 d5 2. exd5 Qxd5 3. Nf3 Bg4 4. Be2 Nc6 5. d4 O-O-O 6. c4 Qf5 7. Be3 Bxf3
8. Bxf3 Nxd4 9. Bg4 Nc2+ 10. Qxc2 Qxg4 11. O-O Nf6 12. Na3 a6 13. b4 e6 14. Qa4
Bd6 15. c5 Bxh2+ 16. Kxh2 Qh4+ 17. Kg1 Rd5 18. f3 Rh5 19. c6 Qh2+ 20. Kf2 Nd5
21. cxb7+ Kxb7 22. Rh1 Qe5 23. Nc4 Qc3 24. Rac1 Rxh1 25. Rxc3 Nxc3 26. Qd7 Nd1+
27. Ke2 Nc3+ 28. Kf2 Nd1+ 29. Kg3 Nxe3 30. Nxe3 Rc1 31. Qxf7 h5 32. Qxg7 h4+
33. Kg4 Rd8 34. Kxh4 Rd3 35. Qe5 Rd8 36. Qxe6 Re1 37. Kg3 Rd2 38. Qe4+ Kb8 39.
a4 Rde2 40. Kf4 Rh1 41. b5 axb5 42. Qe8+ Ka7 43. Qxb5 Ra2 44. Nd5 Rc1 45. Nb4
Rxg2 46. a5 Rh2 47. Kg3 Rd2 48. Nc6+ 1-0

[Event "I Festival di Pavia A"]
[Site "Vigevano ITA"]
[Date "2009.02.14"]
[Round "3"]
[White "Gabetto, Flaviano"]
[Black "Radice, Luca"]
[Result "0-1"]
[WhiteElo "2124"]
[BlackElo "2096"]
[PlyCount "52"]
[EventDate "2009.02.13"]

1. e4 e6 2. Nf3 d5 3. e5 Bd7 4. d4 c5 5. c3 Nc6 6. a3 f6 7. Bd3 fxe5 8. Nxe5
Nf6 9. Bg5 Bd6 10. Ng4 O-O 11. Nxf6+ gxf6 12. Bh6 Rf7 13. Nd2 cxd4 14. cxd4 e5
15. dxe5 fxe5 16. Qh5 Qf6 17. f3 e4 18. fxe4 Qf2+ 19. Kd1 Qxg2 20. Kc2 Nd4+ 21.
Kc3 Rc8+ 22. Bc4 Rxc4+ 23. Nxc4 Qc2+ 24. Kxd4 Qxc4+ 25. Ke3 Qxe4+ 26. Kd2 Rf2+
0-1

[Event "I Festival di Pavia A"]
[Site "Vigevano ITA"]
[Date "2009.02.14"]
[Round "3"]
[White "Genocchio, Daniele"]
[Black "Solodovnichenko, Yuri"]
[Result "0-1"]
[WhiteElo "2440"]
[BlackElo "2571"]
[PlyCount "66"]
[EventDate "2009.02.13"]

1. Nc3 g6 2. d4 Bg7 3. e4 d6 4. f4 a6 5. Nf3 b5 6. Bd3 Nd7 7. e5 c5 8. Be4 Rb8
9. O-O cxd4 10. Nxd4 dxe5 11. Nc6 Qb6+ 12. Kh1 Ngf6 13. Nxb8 Qxb8 14. Bc6 O-O
15. Nd5 Nxd5 16. Bxd5 e6 17. Bc6 Qc7 18. Qf3 Nb8 19. Ba8 Qxc2 20. fxe5 Nd7 21.
Bf4 Qxb2 22. Rab1 Qxa2 23. Qe3 Qa5 24. Bc6 Qb6 25. Bxd7 Qxe3 26. Bxe3 Bxd7 27.
Rfd1 Bc6 28. Rd6 Bd5 29. Bf4 Ra8 30. Rb6 g5 31. Bxg5 Bxe5 32. Bh6 Bc7 33. Rb4
f5 0-1

[Event "I Festival di Pavia A"]
[Site "Vigevano ITA"]
[Date "2009.02.14"]
[Round "3"]
[White "Kuzevanova, Evgenia"]
[Black "Calavalle, Giulio"]
[Result "1/2-1/2"]
[WhiteElo "2131"]
[BlackElo "2267"]
[PlyCount "120"]
[EventDate "2009.02.13"]

1. e4 c5 2. Nf3 Nc6 3. d4 cxd4 4. Nxd4 e5 5. Nb5 a6 6. Nd6+ Bxd6 7. Qxd6 Qf6 8.
Qd1 Qg6 9. Nc3 d5 10. exd5 Nd4 11. Bd3 Qxg2 12. Be4 Qh3 13. Qd3 Nf6 14. Be3 Bg4
15. Bxd4 Qxd3 16. Bxd3 exd4 17. Ne2 Bxe2 18. Bxe2 O-O-O 19. O-O-O Rxd5 20. Rhg1
g6 21. Bf3 Rd6 22. Rge1 Re8 23. Rxe8+ Nxe8 24. Re1 Nf6 25. Kd2 Re6 26. Re2
Rxe2+ 27. Kxe2 Nd7 28. Bd5 Kc7 29. Kd3 Ne5+ 30. Kxd4 Ng4 31. Bxf7 Nxh2 32. Bg8
h6 33. Bf7 Nf3+ 34. Kd5 g5 35. Ke4 Nh4 36. Ke5 Ng2 37. Kf6 Nf4 38. Kg7 h5 39.
Kh6 h4 40. Kxg5 Nh3+ 41. Kxh4 Nxf2 42. Bh5 Ne4 43. Kg4 Nf6+ 44. Kg5 Nd5 45. Bg6
b6 46. Be4 Ne3 47. Kf4 Nd1 48. b3 Kd6 49. a4 Kc5 50. Bd3 a5 51. Kf3 Nc3 52. Ke3
Nd5+ 53. Kd2 Kd4 54. Bb5 Nc3 55. Bc6 Nb1+ 56. Kc1 Nc3 57. Kb2 Nd1+ 58. Kc1 Ne3
59. Kd2 Nf1+ 60. Ke2 Ng3+ 1/2-1/2

[Event "I Festival di Pavia A"]
[Site "Vigevano ITA"]
[Date "2009.02.14"]
[Round "3"]
[White "Kusnetsov, Mark"]
[Black "Pomaro, Alberto"]
[Result "0-1"]
[WhiteElo "2038"]
[BlackElo "2254"]
[PlyCount "92"]
[EventDate "2009.02.13"]

1. Nf3 Nf6 2. g3 g6 3. Bg2 Bg7 4. O-O O-O 5. c4 d6 6. d4 Nc6 7. Nc3 a6 8. Re1
Rb8 9. d5 Na5 10. Qd3 c5 11. Rb1 b5 12. Nd2 Ng4 13. b3 e6 14. Qc2 Nxf2 15. Nf3
Ng4 16. cxb5 axb5 17. b4 cxb4 18. Rxb4 Qb6+ 19. e3 Qc5 20. Rxg4 Bxc3 21. Rd1 e5
22. Rh4 Bf5 23. Qf2 f6 24. Nd2 Qc7 25. Ne4 Bxe4 26. Bxe4 f5 27. Bf3 e4 28. Be2
Bf6 29. Rh3 Nc4 30. g4 fxg4 31. Bxg4 Ne5 32. Be6+ Kh8 33. Bb2 Qg7 34. Bxe5 Bxe5
35. Qh4 Ra8 36. Rd2 Ra4 37. Rc2 Rc4 38. Rf2 h5 39. Kg2 Kh7 40. Bg4 Rf3 41.
Rhxf3 exf3+ 42. Kxf3 Qf7+ 43. Ke2 Qxd5 44. Qe7+ Kh6 45. Qe6 Rc2+ 46. Kf1 Qh1#
0-1

[Event "I Festival di Pavia A"]
[Site "Vigevano ITA"]
[Date "2009.02.14"]
[Round "3"]
[White "Lenic, Luka"]
[Black "Burlando, Alessandro"]
[Result "1-0"]
[WhiteElo "2547"]
[BlackElo "2171"]
[PlyCount "97"]
[EventDate "2009.02.13"]

1. d4 Nf6 2. Nf3 g6 3. c4 Bg7 4. Nc3 O-O 5. e4 d6 6. h3 e5 7. d5 a5 8. Bg5 h6
9. Be3 Na6 10. Bd3 Nh5 11. Qd2 Nc5 12. Bc2 Kh7 13. g4 Nf4 14. Bxf4 exf4 15.
Qxf4 a4 16. a3 Ra6 17. O-O Qe7 18. Rab1 Bd7 19. Rfe1 Re8 20. Kg2 Rb6 21. Re2
Bf6 22. Qd2 Nb3 23. Bxb3 Rxb3 24. Nd4 Rb6 25. Ndb5 c5 26. dxc6 Bxc3 27. Nxc3
Bxc6 28. Qd4 Rb3 29. Rd1 Qh4 30. Rd3 Re6 31. Nd5 Rxd3 32. Qxd3 h5 33. Qg3 Qxg3+
34. Kxg3 hxg4 35. hxg4 b5 36. Nc7 Re5 37. cxb5 Bxb5 38. Rd2 Bc4 39. f3 Rc5 40.
Ne8 Bb3 41. Nxd6 Rc1 42. g5 Kg7 43. Ne8+ Kf8 44. Nf6 Rd1 45. Rxd1 Bxd1 46. Nd5
Ke8 47. Kf4 Kd7 48. Nc3 Bb3 49. Ke5 1-0

[Event "I Festival di Pavia A"]
[Site "Vigevano ITA"]
[Date "2009.02.14"]
[Round "3"]
[White "Lupik, Marina"]
[Black "Fedorchuk, Sergey A."]
[Result "0-1"]
[WhiteElo "2163"]
[BlackElo "2633"]
[PlyCount "62"]
[EventDate "2009.02.13"]

1. d4 Nf6 2. c4 e6 3. Nc3 Bb4 4. Qc2 O-O 5. Bg5 d6 6. Nf3 Nbd7 7. a3 Bxc3+ 8.
Qxc3 b6 9. e3 Bb7 10. Bd3 c5 11. O-O Rc8 12. Rad1 h6 13. Bh4 cxd4 14. exd4 Bxf3
15. gxf3 d5 16. Qb3 Qc7 17. cxd5 Nxd5 18. Bg3 Qb7 19. Qa4 Nb8 20. Rc1 a6 21.
Be4 Nc6 22. Rfd1 Rfd8 23. b4 f5 24. Bb1 Nxd4 25. Rxc8 Nxf3+ 26. Kf1 Rxc8 27.
Qb3 Rc1 28. Qd3 Rxd1+ 29. Qxd1 Nc3 30. Qd8+ Kh7 31. Bc2 Nd4 0-1

[Event "I Festival di Pavia A"]
[Site "Vigevano ITA"]
[Date "2009.02.14"]
[Round "3"]
[White "Massironi, Marco"]
[Black "Efimov, Igor"]
[Result "0-1"]
[WhiteElo "2182"]
[BlackElo "2439"]
[PlyCount "54"]
[EventDate "2009.02.13"]

1. e4 c5 2. Nf3 Nc6 3. d4 cxd4 4. Nxd4 Nf6 5. Nc3 d6 6. Bg5 Bd7 7. Qd2 Rc8 8.
O-O-O Nxd4 9. Qxd4 Qa5 10. Bxf6 gxf6 11. Kb1 h5 12. f4 h4 13. Be2 Rg8 14. Bf3
Qc5 15. Qd2 Bg7 16. Rhe1 Kf8 17. Nd5 Rc6 18. e5 fxe5 19. Nb4 Rb6 20. Nd5 e4 21.
Nxb6 Qxb6 22. c3 exf3 23. gxf3 Bf6 24. Ka1 Bf5 25. Re2 Qa5 26. Rg2 Rxg2 27.
Qxg2 Be6 0-1

[Event "I Festival di Pavia A"]
[Site "Vigevano ITA"]
[Date "2009.02.14"]
[Round "3"]
[White "Motyka, Michal"]
[Black "Codenotti, Marco"]
[Result "1-0"]
[WhiteElo "2390"]
[BlackElo "1992"]
[PlyCount "54"]
[EventDate "2009.02.13"]

1. e4 c5 2. Nf3 d6 3. c3 Nf6 4. h3 Nc6 5. Bd3 e6 6. Bc2 Be7 7. O-O O-O 8. Re1
b5 9. d4 cxd4 10. cxd4 d5 11. e5 Nd7 12. Bxh7+ Kxh7 13. Qc2+ g6 14. Qxc6 Qb6
15. Qc2 Kg7 16. Bf4 a5 17. Qd2 Rh8 18. Bg5 Qd8 19. Nc3 Ba6 20. Ne2 Bxg5 21.
Nxg5 Rc8 22. Ng3 b4 23. Qf4 Qe7 24. Re3 Rc7 25. Rf3 Nb8 26. Qg4 Qd8 27. Rxf7+
Kg8 1-0

[Event "I Festival di Pavia A"]
[Site "Vigevano ITA"]
[Date "2009.02.14"]
[Round "3"]
[White "Pavasovic, Dusko"]
[Black "Godena, Michele"]
[Result "1-0"]
[WhiteElo "2598"]
[BlackElo "2537"]
[PlyCount "65"]
[EventDate "2009.02.13"]

1. e4 e5 2. Nf3 Nc6 3. d4 exd4 4. Nxd4 Bc5 5. Be3 Qf6 6. c3 Nge7 7. Bc4 O-O 8.
O-O b6 9. Re1 Bb7 10. Bf1 Rad8 11. Nd2 Rfe8 12. N2b3 Nxd4 13. Nxc5 bxc5 14.
cxd4 Bxe4 15. Qd2 Qg6 16. dxc5 Nd5 17. Bd4 c6 18. a4 h5 19. b4 h4 20. h3 Qf5
21. f3 Bxf3 22. gxf3 Qxf3 23. Bg2 Qh5 24. b5 Re6 25. Rxe6 dxe6 26. bxc6 Rc8 27.
Re1 Qf5 28. Qf2 Nf4 29. Rf1 g5 30. Be3 e5 31. Bxf4 exf4 32. Qd4 Qe6 33. Qd7 1-0

[Event "I Festival di Pavia A"]
[Site "Vigevano ITA"]
[Date "2009.02.14"]
[Round "3"]
[White "Piccoli, Vincenzo"]
[Black "Pedini, Dario"]
[Result "0-1"]
[WhiteElo "2009"]
[BlackElo "2153"]
[PlyCount "53"]
[EventDate "2009.02.13"]

1. e4 e5 2. Nf3 Nc6 3. Bc4 Bc5 4. c3 Qe7 5. d4 Bb6 6. O-O d6 7. h3 Nf6 8. Re1
h6 9. d5 Nd8 10. Nbd2 g5 11. Bb5+ c6 12. dxc6 bxc6 13. Bc4 g4 14. hxg4 Nxg4 15.
Re2 Rg8 16. Nf1 Qf6 17. Ng3 Nxf2 18. Rxf2 Rxg3 19. Qe2 Bxf2+ 20. Qxf2 Rg4 21.
Bd3 Ne6 22. Be3 Nf4 23. Bxf4 Qxf4 24. Rd1 Be6 25. Bb1 Rd8 26. Kf1 Bc4+ 27. Kg1
0-1

[Event "I Festival di Pavia A"]
[Site "Vigevano ITA"]
[Date "2009.02.14"]
[Round "3"]
[White "Pokorna, Regina"]
[Black "Pulito, Alberto"]
[Result "1-0"]
[WhiteElo "2384"]
[BlackElo "2251"]
[PlyCount "55"]
[EventDate "2009.02.13"]

1. e4 e6 2. d4 d5 3. Nd2 Be7 4. c3 c5 5. Bd3 Nc6 6. Ngf3 Nf6 7. O-O a5 8. Re1
cxd4 9. cxd4 O-O 10. e5 Nd7 11. Nf1 Nb6 12. a3 a4 13. Bc2 Bd7 14. Qd3 g6 15.
Bh6 Na5 16. Bxf8 Bxf8 17. h4 Nbc4 18. Rab1 Bb5 19. Qd1 Qd7 20. h5 Rc8 21. N1h2
Be7 22. Ng4 Bc6 23. Qc1 Nb3 24. Qh6 Qd8 25. hxg6 hxg6 26. Bxg6 fxg6 27. Qxg6+
Kh8 28. Nh6 1-0

[Event "I Festival di Pavia A"]
[Site "Vigevano ITA"]
[Date "2009.02.14"]
[Round "3"]
[White "Ranfagni, Stefano"]
[Black "Guidi, Maurizio"]
[Result "0-1"]
[WhiteElo "2041"]
[BlackElo "2074"]
[PlyCount "130"]
[EventDate "2009.02.13"]

1. e4 c5 2. Nf3 Nc6 3. g3 g6 4. Bg2 Bg7 5. c3 e6 6. O-O Nge7 7. d4 cxd4 8. cxd4
d5 9. e5 h6 10. Nc3 a6 11. Be3 O-O 12. Qd2 Kh7 13. h4 Bd7 14. Nh2 Nf5 15. Ng4
Rc8 16. Rfc1 Na5 17. b3 b5 18. Ne2 Qb6 19. Nf4 Rxc1+ 20. Rxc1 Rc8 21. Rxc8 Bxc8
22. h5 Nc6 23. hxg6+ fxg6 24. Ne2 Bd7 25. Bh3 Qa5 26. Qxa5 Nxa5 27. Nh2 Nc6 28.
Bxf5 gxf5 29. Nf4 Nb4 30. g4 fxg4 31. Nxg4 Nxa2 32. Bd2 a5 33. Bxa5 Nc1 34. b4
Kg8 35. Bb6 Kf7 36. Bc5 Nb3 37. Bb6 Be8 38. Nh5 Bf8 39. Nhf6 Bxb4 40. Nxh6+ Kf8
41. Nhg4 Bc3 42. Nxe8 Kxe8 43. Nf6+ Ke7 44. Kf1 Bxd4 45. Bc7 Nc1 46. Bd6+ Kd8
47. f4 Nd3 48. f5 exf5 49. Nxd5 Bxe5 50. Be7+ Kd7 51. Bg5 Ke6 52. Ne3 f4 53.
Ke2 Nb4 54. Nd1 Kf5 55. Be7 Nc6 56. Bc5 Bd4 57. Bd6 Ke4 58. Bf8 f3+ 59. Kf1 b4
60. Bh6 b3 61. Bc1 Nb4 62. Bd2 Nd3 63. Nc3+ Bxc3 64. Bxc3 b2 65. Bxb2 Nxb2 0-1

[Event "I Festival di Pavia A"]
[Site "Vigevano ITA"]
[Date "2009.02.14"]
[Round "3"]
[White "Rombaldoni, Axel"]
[Black "Tocchioni, Doriano"]
[Result "1-0"]
[WhiteElo "2309"]
[BlackElo "2264"]
[PlyCount "93"]
[EventDate "2009.02.13"]

1. e4 Nc6 2. Nf3 Nf6 3. e5 Ng8 4. d4 d5 5. h3 Bf5 6. Nh4 Bd7 7. c3 e6 8. Nf3
Nge7 9. Bd3 h6 10. Nbd2 Qb8 11. Nf1 a5 12. Ng3 Qa7 13. O-O a4 14. Rb1 Nc8 15.
Nh5 Nb6 16. b3 O-O-O 17. Ne1 Be8 18. f4 Ne7 19. g4 Kb8 20. Ng2 Ng8 21. f5 Nd7
22. Kh1 exf5 23. gxf5 g6 24. fxg6 fxg6 25. Nhf4 Ne7 26. Ne6 Rc8 27. Nxf8 Nxf8
28. bxa4 Bxa4 29. Qe1 Bd7 30. Nf4 g5 31. e6 Be8 32. Ng2 Qa4 33. Qe2 Nfg6 34.
Ba6 Bc6 35. Rb4 Qa5 36. Be3 Rce8 37. Bxb7 Bxb7 38. Rfb1 Kc8 39. Rxb7 Nc6 40. e7
Rxe7 41. Qg4+ Rd7 42. Qe6 Nge7 43. Bg1 Qxc3 44. Bh2 Kd8 45. Rb8+ Nxb8 46. Rxb8+
Nc8 47. Qf6+ 1-0

[Event "I Festival di Pavia A"]
[Site "Vigevano ITA"]
[Date "2009.02.14"]
[Round "3"]
[White "Rombaldoni, Denis"]
[Black "Dvirnyy, Danyyil"]
[Result "1/2-1/2"]
[WhiteElo "2418"]
[BlackElo "2444"]
[PlyCount "42"]
[EventDate "2009.02.13"]

1. Nf3 Nf6 2. c4 g6 3. g3 Bg7 4. Bg2 O-O 5. O-O c5 6. Nc3 Nc6 7. d3 d5 8. cxd5
Nxd5 9. Nxd5 Qxd5 10. Qc2 Qd6 11. Be3 b6 12. d4 Bf5 13. dxc5 Bxc2 14. cxd6 Bxb2
15. Ne1 Ba4 16. dxe7 Rfe8 17. Rb1 Ba3 18. Nd3 Rac8 19. Bd5 Bc2 20. Bxc6 Rxc6
21. Nb4 Bxb4 1/2-1/2

[Event "I Festival di Pavia A"]
[Site "Vigevano ITA"]
[Date "2009.02.14"]
[Round "3"]
[White "Rudolf, Anna"]
[Black "Sbarra, Marco"]
[Result "1-0"]
[WhiteElo "2316"]
[BlackElo "2191"]
[PlyCount "53"]
[EventDate "2009.02.13"]

1. e4 e5 2. Nf3 Nc6 3. Bc4 Nf6 4. d3 Be7 5. O-O O-O 6. Nc3 d6 7. h3 Na5 8. a4
Nxc4 9. dxc4 Re8 10. Qd3 Be6 11. Rd1 h6 12. b3 Nh5 13. Nxe5 dxe5 14. Qf3 Qb8
15. Qxh5 c6 16. Ne2 b5 17. cxb5 cxb5 18. axb5 Qxb5 19. Nd4 Qb6 20. Nxe6 Qxe6
21. Qe2 Rec8 22. Ra4 Bc5 23. Bb2 Kh7 24. Rd5 f6 25. Rc4 Qb6 26. Qf3 a5 27. Ba3
1-0

[Event "I Festival di Pavia A"]
[Site "Vigevano ITA"]
[Date "2009.02.14"]
[Round "3"]
[White "Salmoiraghi, Angelo"]
[Black "Napoli, Nicolo'"]
[Result "0-1"]
[WhiteElo "2133"]
[BlackElo "2313"]
[PlyCount "58"]
[EventDate "2009.02.13"]

1. e4 c6 2. Nc3 Nf6 3. g3 d5 4. e5 d4 5. exf6 dxc3 6. bxc3 gxf6 7. Qh5 Nd7 8.
h3 Ne5 9. Bg2 Qa5 10. Kf1 Qa4 11. f4 Ng6 12. Qd1 h5 13. h4 Bf5 14. d3 e6 15.
Be3 Bd6 16. Ne2 Ne7 17. c4 Bg4 18. Qd2 Nf5 19. Bf2 Bb4 20. c3 Ba5 21. Nd4 O-O-O
22. Nb3 Bb6 23. c5 Bc7 24. Be4 Rhg8 25. Kg2 e5 26. Kh2 exf4 27. gxf4 Rxd3 28.
Qxd3 Bxf4+ 29. Bg3 Nxg3 0-1

[Event "I Festival di Pavia A"]
[Site "Vigevano ITA"]
[Date "2009.02.14"]
[Round "3"]
[White "Sorcinelli, Francesco"]
[Black "Astengo, Marcello"]
[Result "1-0"]
[WhiteElo "2116"]
[BlackElo "2123"]
[PlyCount "79"]
[EventDate "2009.02.13"]

1. e4 e6 2. Nf3 d5 3. Nc3 Nf6 4. e5 Ng8 5. d4 c5 6. dxc5 Nd7 7. b4 a5 8. Nb5
axb4 9. Nd6+ Bxd6 10. cxd6 f6 11. Bb5 fxe5 12. Ng5 Qf6 13. Qg4 Qf5 14. Qxb4
Ngf6 15. f3 O-O 16. Bd3 e4 17. fxe4 dxe4 18. Nxe4 Ne5 19. Qd4 Bd7 20. Bb2 Nxd3+
21. cxd3 Ra4 22. Nxf6+ Rxf6 23. Qe3 Rg6 24. O-O-O Rxa2 25. Qb6 Rxg2 26. Qd8+
Qf8 27. Qxf8+ Kxf8 28. Be5 Ba4 29. Rdf1+ Ke8 30. Rhg1 g6 31. Rxg2 Rxg2 32. d4
h5 33. Rf3 Bc6 34. Ra3 g5 35. Ra8+ Kd7 36. Rh8 h4 37. Rh7+ Kd8 38. Bf6+ Kc8 39.
Rc7+ Kb8 40. Rxc6 1-0

[Event "I Festival di Pavia A"]
[Site "Vigevano ITA"]
[Date "2009.02.14"]
[Round "3"]
[White "Stella, Andrea"]
[Black "Korneev, Oleg"]
[Result "1/2-1/2"]
[WhiteElo "2273"]
[BlackElo "2613"]
[PlyCount "120"]
[EventDate "2009.02.13"]

1. d4 d5 2. c4 c6 3. Nc3 Nf6 4. cxd5 cxd5 5. Bf4 Nc6 6. e3 a6 7. Bd3 Bg4 8.
Nge2 e6 9. Rc1 Be7 10. Qb3 Na5 11. Qa4+ Nc6 12. Qb3 Ra7 13. Ng3 Bh5 14. Nxh5
Nxh5 15. Be5 O-O 16. O-O Nf6 17. Bxf6 Bxf6 18. Na4 Be7 19. Qb6 Qd7 20. Nc5 Bxc5
21. Rxc5 Raa8 22. b4 Rfb8 23. Rfc1 Qd8 24. Qxd8+ Rxd8 25. a3 e5 26. Bxa6 Rxa6
27. b5 Rxa3 28. bxc6 bxc6 29. dxe5 d4 30. exd4 Rd3 31. Rxc6 R3xd4 32. g3 Rd1+
33. Rxd1 Rxd1+ 34. Kg2 g6 35. e6 fxe6 36. Rxe6 Rd8 37. h4 Kf7 38. Ra6 h5 39.
Kf3 Kg7 40. Ra4 Rf8+ 41. Kg2 Rb8 42. Ra2 Rc8 43. f3 Rb8 44. Re2 Ra8 45. g4 hxg4
46. fxg4 Kh6 47. Re6 Ra2+ 48. Kf3 Ra3+ 49. Kf4 Ra4+ 50. Re4 Ra5 51. Re8 Ra4+
52. Kf3 Ra3+ 53. Re3 Ra4 54. Rd3 Rb4 55. Rd6 Rb3+ 56. Ke4 Rb4+ 57. Rd4 Rb5 58.
Ra4 Rb1 59. Rd4 Rb5 60. Rd5 Rb4+ 1/2-1/2

[Event "I Festival di Pavia A"]
[Site "Vigevano ITA"]
[Date "2009.02.14"]
[Round "3"]
[White "Tramalloni, Luca"]
[Black "Sgnaolin, Davide"]
[Result "1/2-1/2"]
[WhiteElo "2126"]
[BlackElo "2209"]
[PlyCount "42"]
[EventDate "2009.02.13"]

1. d4 Nf6 2. c4 c5 3. d5 b5 4. a4 b4 5. b3 e5 6. g3 d6 7. Bg2 g6 8. e4 Bg7 9.
Ne2 O-O 10. O-O Nh5 11. Ra2 f5 12. f4 fxe4 13. fxe5 Bxe5 14. Bxe4 Nd7 15. Bg2
Ndf6 16. Nd2 Bg4 17. Bf3 Bh3 18. Bg2 Qd7 19. Nf3 Bxg2 20. Kxg2 Rae8 21. Bh6 Ng7
1/2-1/2

[Event "I Festival di Pavia A"]
[Site "Vigevano ITA"]
[Date "2009.02.14"]
[Round "3"]
[White "Yakovich, Yuliya"]
[Black "Bove, Alessandro"]
[Result "0-1"]
[WhiteElo "2125"]
[BlackElo "2288"]
[PlyCount "66"]
[EventDate "2009.02.13"]

1. e4 c5 2. Nf3 Nc6 3. d4 cxd4 4. Nxd4 Nf6 5. Nc3 d6 6. f3 e5 7. Nb3 Be6 8. Be3
Be7 9. Nd5 O-O 10. Qd2 b6 11. c4 Rc8 12. Be2 Nb8 13. O-O h6 14. Rfd1 Bxd5 15.
cxd5 Nh5 16. a4 Bg5 17. Rdc1 Bxe3+ 18. Qxe3 f5 19. a5 Nf4 20. Bf1 fxe4 21. fxe4
Rxc1 22. Rxc1 bxa5 23. Qxa7 a4 24. Na5 Nh3+ 25. Kh1 Qg5 26. Ra1 Nf2+ 27. Kg1
Nxe4 28. Nc6 Nd7 29. Re1 Ndc5 30. Qa5 Qf4 31. Ne7+ Kh7 32. h3 Qf2+ 33. Kh2 Nd2
0-1

[Event "I Festival di Pavia A"]
[Site "Vigevano ITA"]
[Date "2009.02.14"]
[Round "3"]
[White "Zinani, Alessandro"]
[Black "Giretti Kanev, Jasen"]
[Result "1-0"]
[WhiteElo "2211"]
[BlackElo "2215"]
[PlyCount "81"]
[EventDate "2009.02.13"]

1. d4 Nf6 2. Bg5 d5 3. Nd2 b6 4. e3 Bb7 5. Ngf3 Nbd7 6. c3 h6 7. Bh4 g6 8. Ne5
Bg7 9. Bb5 O-O 10. f4 Nxe5 11. fxe5 Ne4 12. O-O Kh7 13. Qe2 f6 14. exf6 exf6
15. Nxe4 dxe4 16. Rf2 Qd6 17. Bg3 Qe7 18. Ba6 Bxa6 19. Qxa6 c6 20. a4 Qd7 21.
Rd2 f5 22. Rf1 Rf7 23. c4 g5 24. d5 Raf8 25. Rfd1 f4 26. Bf2 f3 27. Bg3 fxg2
28. Rxg2 Qg4 29. Re1 c5 30. a5 Rf3 31. Bd6 Qh4 32. Bg3 Qg4 33. Bd6 Qh4 34. Bg3
Qh5 35. Qxa7 R8f7 36. Qxb6 Rxe3 37. Ra1 Bd4 38. Kh1 Qf3 39. Qe6 Rd3 40. h3 e3
41. Kh2 1-0

[Event "I Festival di Pavia A"]
[Site "Vigevano ITA"]
[Date "2009.02.15"]
[Round "4"]
[White "Arnetta, Maria Teresa"]
[Black "Zinani, Alessandro"]
[Result "0-1"]
[WhiteElo "2024"]
[BlackElo "2211"]
[PlyCount "66"]
[EventDate "2009.02.13"]

1. e4 e6 2. d4 d5 3. Nc3 Bb4 4. Nge2 dxe4 5. a3 Be7 6. Nxe4 Nf6 7. N2g3 Nxe4 8.
Nxe4 Nc6 9. Be3 O-O 10. c3 f5 11. Nc5 f4 12. Bc1 Bxc5 13. dxc5 Qg5 14. Qf3 e5
15. h4 Qe7 16. Bc4+ Kh8 17. Bd3 Be6 18. Bd2 Rad8 19. O-O-O Qd7 20. Bc2 Bg4 21.
Qe4 Bf5 22. Qe2 Bxc2 23. Kxc2 Qf5+ 24. Kc1 Rd5 25. g4 Qf7 26. Qe4 Rfd8 27. f3
Qd7 28. Rh2 Rxc5 29. Rhh1 Rd5 30. Rh2 Na5 31. Kc2 Qb5 32. Qb4 Qd3+ 33. Kc1 Rb5
0-1